| 000 | 00491nam a2200205Ia 4500 | ||
|---|---|---|---|
| 001 | 40421 | ||
| 005 | 20240114003338.0 | ||
| 007 | ta | ||
| 008 | 071026s g b000 u 465 u | ||
| 040 | _aCotton College,Assam | ||
| 041 | _a465 | ||
| 082 |
_a530 _bYo 84 Un |
||
| 100 | _aSears, W . | ||
| 245 | 0 |
_aUniversity Physics / _cW.Sears and etc. _hTextual Documents |
|
| 653 | _aPhysics | ||
| 653 | _aG-Physics | ||
| 942 |
_2ddc _cBK |
||
| 999 |
_c40392 _d40392 |
||